| 000 | 01013 a2200217 4500 | ||
|---|---|---|---|
| 020 | _a0521435951 | ||
| 020 | _a9780521435956 | ||
| 082 | _a535 | ||
| 090 |
_c1697 _d1697 |
||
| 100 | 1 | _aScully, Marlan O. | |
| 245 | 1 | 0 |
_aQuantum optics / _cMarlan O. Scully, M. Suhail Zubairy. |
| 250 | _a1st ed. | ||
| 260 |
_a[S.l.] : _bCambridge University Press, _c1997. |
||
| 300 |
_a656 p. ; _c25 cm. |
||
| 700 | 1 | _aZubairy, M. Suhail. | |
| 942 |
_aSNS _cBK _k535 SCU |
||
| 999 |
_c30305 _d30305 |
||